| 000 | 00959nam a22001937a 4500 | ||
|---|---|---|---|
| 003 | JO-AjAnu | ||
| 005 | 20240602102413.0 | ||
| 008 | 240602b jo ||||| |||| 00| 0 ara d | ||
| 040 |
_aJO-AjAnu _bara _cJO-AjAnu |
||
| 041 | 0 | _hara | |
| 100 | 1 |
_aصالح، هوزان عدنان محمد _eمعد _965433 |
|
| 245 | 0 |
_aالظام القانوني للدولة الفيدرالية ومسببات نجاحها : العراق نموذجاً = The Legal System of the Federal State and the Reasons its Success : Iraq as A model / _cاعداد هوزان عدنان محمد صالح ؛ اشراف طلال ياسين العيسى |
|
| 260 | _c2022 | ||
| 300 | _a138 ورقة | ||
| 500 | _aرسالة جامعيه (ماجستير) جامعة عجلون الوطنية / كلية الحقوق | ||
| 650 | _vالدولة الفيدرالية-النظام القانوني | ||
| 700 |
_aالعيسى، طلال ياسين _964930 _eمشرف |
||
| 942 |
_2lcc _cTHS _n0 |
||
| 999 |
_c33494 _d33494 |
||